| 000 | 00856cam a22002531 4500 | ||
|---|---|---|---|
| 001 | sa 67006584 | ||
| 003 | DLC | ||
| 005 | 20260227112409.0 | ||
| 008 | 870612s1966 ii ac 000 0beng | ||
| 010 | _asa 67006584 | ||
| 025 | _aPL480:I-E-7921 | ||
| 035 | _a(OCoLC)15927073 | ||
| 040 |
_aDLC _cOCoLC _dDLC |
||
| 042 | _apremarc | ||
| 050 | 0 | 0 |
_aDS481.S48 _bS5 |
| 082 |
_a954.04/0924 _aB |
||
| 245 | 0 | 0 |
_aShastri memorial souvenir. _c[Editorial board: Satish Chander and others. Advisers: G. K. Shukla and others. |
| 260 |
_aDelhi, _bPrinted at Roopvani Print. House for S.M.S. Committee, Cultural Meet Publications, _c1966?] |
||
| 300 |
_a252 p. _billus., ports. (1 col.) _c25 cm. |
||
| 600 | 1 | 0 |
_aShastri, Lal Bahadur, _d1904-1966. |
| 700 | 1 |
_aShastri, Lal Bahadur, _d1904-1966. |
|
| 700 | 1 |
_aChander, Satish, _eed. |
|
| 700 | 1 |
_aShukla, G. K., _eed. |
|
| 999 |
_c76055 _d76055 |
||